Sports Quiz

Random Sports or Hockey Quiz

NHL 500 Goal Scorers Quiz Stats

 Plays Quiz Updated Nov 7, 2018

Challenge
Share
Tweet
Embed
Score 0/45 Timer 10:00
21 Plays Today
Year Player % Correct
1986Wayne Gretzky
98.9%
1962Gordie Howe
86.7%
1996Brett Hull
85.7%
1970Bobby Hull
85.3%
1995Mario Lemieux
85.1%
2016Alex Ovechkin
82.6%
1995Mark Messier
82%
1996Steve Yzerman
76.9%
2002Joe Sakic
72.8%
1957Maurice Richard
70.1%
2002Brendan Shanahan
69.3%
2003Jaromir Jagr
69%
2012Jarome Iginla
67.7%
2007Mike Modano
66.2%
1974Phil Esposito
62.6%
1992Jari Kurri
61.4%
1986Mike Bossy
59.5%
2006Mats Sundin
57.8%
1983Guy Lafleur
57.2%
1997Dave Andreychuk
55.7%
1982Marcel Dionne
53.7%
2017Patrick Marleau
53.3%
1999Luc Robitaille
51.1%
Year Player % Correct
2006Teemu Selanne
50.5%
2002Ron Francis
50.1%
2007Jeremy Roenick
48.8%
1990Bryan Trottier
47.3%
2007Mark Recchi
46.8%
1991Mike Gartner
45.5%
1977Stan Mikita
45.5%
2016Marian Hossa
43.2%
2003Joe Nieuwendyk
41.9%
1971Jean Beliveau
39.1%
1996Dale Hawerchuk
38%
2008Keith Tkachuk
37.9%
1989Lanny McDonald
34.1%
1994Dino Ciccarelli
34%
2006Peter Bondra
33.2%
2005Pierre Turgeon
30.5%
1975Johnny Bucyk
30.3%
1997Joe Mullen
29.8%
1986Gilbert Perreault
28.2%
1992Michel Goulet
24.3%
2000Pat Verbeek
22.5%
1973Frank Mahovlich
22.1%

You're not logged in!

Compare scores with friends on all Sporcle quizzes.
OR
Log In

You Might Also Like...

Show Comments

Extras

Top Quizzes Today


Score Distribution

Your Account Isn't Verified!

In order to create a playlist on Sporcle, you need to verify the email address you used during registration. Go to your Sporcle Settings to finish the process.

Report this User

Report this user for behavior that violates our Community Guidelines.

Details: